Szczegóły MARC21

Dialektologie : ein Handbuch zur deutschen und allgemeinen Dialektforschung. Halbband 2 /

003 -Nazwa inst., której nr kontr. jest w polu 001 [,]
    • @
    • Nazwa instytucji, której n kontrolny jest w polu 001
    • NUKAT
005 -DATA I CZAS OSTATNIEJ MODYFIKACJI [,]
    • @
    • pole kontrolne
    • 20241231112716.0
020 -Międzynarod. znormalizowany nr książki - ISBN [ , ]
    • a
    • Numer ISBN
    • 3110095718 Find
040 -Instytucja sporządzająca opis [ , ]
    • a
    • Instytucja, która sporządziła opis (NP)
    • WA U/70MST
    • c
    • Instytucja, która sporządziła rekord (NP)
    • WA U/MST
    • d
    • Instytucja, która zmodyfikowała rekord (P)
    • WA U/ACH
044 -Kraj miejsca wydania [ , ]
    • a
    • Kraj miejsca wydania
    • Niemcy
    • a
    • Kraj miejsca wydania
    • Stany Zjednoczone po 1988
942 -Rodzaj dokumentu [ , ]
    • c
    • Rodzaj dokumentu
    • Książka
245 -Strefa tytułu i oznaczenia odpowiedzialności [0,0]
    • a
    • Tytuł
    • Dialektologie : Find
    • b
    • Ciąg dalszy tytułu (NP)
    • ein Handbuch zur deutschen und allgemeinen Dialektforschung. Find
    • n
    • Oznaczenie części (P)
    • Halbband 2 /
    • c
    • Pozostałe elementy strefy tytułu i oznaczenia odpowiedzialności (NP)
    • hrsg. von Werner Besch [et al.].
260 -Strefa adresu wydawniczego [ , ]
    • a
    • Miejsce wydania (P)
    • Berlin ;
    • a
    • Miejsce wydania (P)
    • New York :
    • b
    • Nazwa wydawcy (P)
    • de Gruyter,
    • c
    • Data wydania (P)
    • 1983.
300 -Strefa opisu fizycznego [ , ]
    • a
    • Określenie formy książki i/lub objętość (NP)
    • XIX s., s. 808-1714, [1] k. map złoż. :
    • b
    • Oznaczenie ilustracji (NP)
    • il. ;
    • c
    • Format (NP)
    • 28 cm.
336 -Typ zawartości [ , ]
    • a
    • Termin opisujący typ zawartości
    • Tekst
    • b
    • Kod określający zawartość
    • txt
    • 2
    • Źródło (terminu i kodu)
    • rdacontent
337 -Typ mediów [ , ]
    • a
    • Tryb odtwarzania
    • Bez urządzenia pośredniczącego
    • b
    • Kod typu mediów
    • n
    • 2
    • Źródło (terminu i kodu)
    • rdamedia
338 -Typ/rodzaj nośnika [ , ]
    • a
    • Hasło opisujące typ nośnika
    • Wolumin
    • b
    • Kod typu nośnika
    • nc
    • 2
    • Źródło (terminu i kodu)
    • rdacarrier
490 -Strefa serii i książki wielotomowej - forma nie do wyszukiwania [1, ]
    • a
    • Tytuł (P)
    • Handbücher zur Sprach- und Kommunikationswissenschaft ; Find
    • v
    • Numeracja (P)
    • Bd. 1.2
830 -Hasło dodatkowe serii i opisu książki wielotomowej - tytuł ujednolicony/tytuł [ ,0]
    • a
    • Tytuł ujednolicony/tytuł (NP)
    • Handbücher zur Sprach- und Kommunikationswissenschaft
    • x
    • ISSN
    • 1861-5090
    • v
    • Oznaczenie tomu (NP)
    • Bd. 1.2
    • 9
    • KHW
    • 19732
504 -Uwaga dot. bibliogr. załącznikowej [ , ]
    • a
    • Uwaga dot. bibliografii załącznikowej
    • Bibliogr. przy rozdz.
080 -Uniwersalna Klasyfikacja Dziesiętna [ , ]
    • 9
    • UKD
    • 9184
    • a
    • Symbol klasyfikacji
    • 811.112.2'282
    • b
    • Dopowiedzenie
    • Język niemiecki. - Dialekty. Język lokalny i regionalny. Warianty językowe. Gwary i narzecza.
    • 4
    • UKD2
    • 8380
    • x
    • Poddział wspólny
    • (075)
    • c
    • Dopowiedzenie poddz. wspólnego
    • (Podręczniki szkolne i akademickie).
    • 4
    • UKD2
    • 7631
    • x
    • Poddział wspólny
    • =112.2
    • c
    • Dopowiedzenie poddz. wspólnego
    • =Język niemiecki (wysokoniemiecki, standardowy niemiecki).
980 -Symbol UKD [ , ]
    • a
    • UKD
    • 811.112.2'282(075)=112.2
700 -Hasło dodatkowe - nazwa osobowa [1, ]
    • a
    • Nazwa osobowa (NP)
    • Besch, Werner Find
    • d
    • Daty biograficzne (NP)
    • (1928- ).
    • e
    • Określenie rodzaju współpracy
    • Red.
    • 9
    • KHW
    • 59001
920 -ISBN [ , ]
    • a
    • ISBN
    • 3-11-009571-8 Find
Numer inwentarzowy Status udost. Lokalizacja Data inwentaryzacji Uwagi nie widoczne w OPAC Sygnatura
G.44281BM retrokonwersjaGERM. Odmiany jęz. niem. 02